=LDR 00000nam 2200000 4500 =001 INLIS000000000031936 =005 20130612133956 =008 ***********************************ind** =035 ##$$0010-061300000031936 =041 ##$$a ind =082 ##$$a 372.7 =090 ##$$a 372.7, Ide b =100 ##$$a Idel, Antoni =245 ##$$a Buku Pintar Matematika Untuk SMP, Antoni Idel, Rudy haryono =260 ##$$a [Sa] $b Surabaya =300 ##$$a x,182 hlm, Ilus, 21 cm =650 ##$$a Pendidikan dasar-matematika =700 ##$$a Haryono,Rudy =850 ##$$a NBPNMAT